000 00361nam a2200157Ia 4500
008 230524s9999 xx 000 0 und d
082 _a530.3
_bPIL
100 _aS.O.Pillai
245 0 _aSolid State Physics
250 _a5TH
260 _aCALCUTTA
_bNew Age
_c2003
300 _aXVI;903
500 _aQuantity Number: 4
650 _aPhysics
942 _cBK
999 _c24024
_d24024